Massime e aforismi della Recherche /

में बचाया:
ग्रंथसूची विवरण
मुख्य लेखक: Proust, Marcel (लेखक)
अन्य लेखक: Baldini, Massimo, (1947-2008)
स्वरूप: पुस्तक
भाषा:इतालवी
प्रकाशित: Roma : Newton, 1994
श्रृंखला:Centopaginemillelire ; 167
टैग: टैग जोड़ें
कोई टैग नहीं, इस रिकॉर्ड को टैग करने वाले पहले व्यक्ति बनें!

MARC

LEADER 00000nam a22000007i 4500
001 IT\ICCU\RMS\1107046
003 ItRI
005 20250707173211.0
008 040618s1994 it |||||| ||||| |||||c
020 |a 8879835319 
040 |b ita  |c ct 
041 7 |a ita  |2 ISO-639-2 
100 1 |a Proust, Marcel  |0 IT\ICCU\CFIV\007392  |4 aut 
245 1 0 |a Massime e aforismi della Recherche /  |c Marcel Proust ; a cura di Massimo Baldini. 
260 |a Roma :  |b Newton,  |c 1994 
300 |a 97 p. ;  |c 19 cm.  
500 |a Tascabili Economici Newton). 
700 1 |a Baldini, Massimo,  |d  (1947-2008)  |0 IT\ICCU\CFIV\007895 
830 0 |a Centopaginemillelire ;  |v 167  |0 IT\ICCU\RAV\0196182 
942 |2 ddc  |c BK 
952 |0 0  |1 0  |2 ddc  |4 0  |6 B_LNR06PROMAMAS11  |7 0  |9 5036  |a MI  |b MI  |d 1995-04-12  |i 4825  |l 0  |o B-LNR06-PROMA-MAS11  |p CDOM4825  |r 2025-07-07 11:14:38  |w 2025-07-07  |x ACQUISTO  |y BK 
981 1 |6 z01  |a i   |b xxxe  
982 1 |6 z01  |a n 
999 |c 3968  |d 3968